Central Library OPAC University of Rajshahi

Madness and civilization : (Record no. 73038)

MARC details
000 -LEADER
fixed length control field 01033nam a2200265 a 4500
001 - CONTROL NUMBER
control field 73038
003 - CONTROL NUMBER IDENTIFIER
rucl marc code BD-RjUL
005 - DATE AND TIME OF LATEST TRANSACTION
control field 20211209082337.0
008 - FIXED-LENGTH DATA ELEMENTS--GENERAL INFORMATION
fixed length control field 170527s1967 enk b 000 0 eng
035 ## - SYSTEM CONTROL NUMBER
System control number (BD-RjUL)73256
040 ## - CATALOGING SOURCE
Original cataloging agency DLC
Transcribing agency TxCM
Modifying agency Uk
-- DLC
-- BD-RjUL
Language of cataloging eng
041 1# - LANGUAGE CODE
Language code of text/sound track or separate title eng
Language code of original fre
082 ## - DEWEY DECIMAL CLASSIFICATION NUMBER
Edition number 23
Classification number 616.89
Author mark and year FOM 1967
100 1# - MAIN ENTRY--PERSONAL NAME
Personal name Foucault, Michel,
Dates associated with a name 1926-1984.
9 (RLIN) 216030
245 10 - TITLE STATEMENT
Title Madness and civilization :
Remainder of title a history of insanity in the Age of Reason /
Statement of responsibility, etc. Michel Foucault ; translated from the French by Richard Howard.
260 ## - PUBLICATION, DISTRIBUTION, ETC. (IMPRINT)
Place of publication, distribution, etc. London ;
-- Sydney [etc.] :
Name of publisher, distributor, etc. Tavistock Publications,
Date of publication, distribution, etc. c1965 [1967].
300 ## - PHYSICAL DESCRIPTION
Pagination xiv, 299 p. ;
Size 23 cm.
490 0# - SERIES STATEMENT
Series statement Studies in existentialism and phenomenology.
500 ## - GENERAL NOTE
General note Translation of Folie et déraison; histoire de la folie.
504 ## - BIBLIOGRAPHY, ETC. NOTE
Bibliography, etc Bibliographical references included in "Notes" (p. 291-299)
650 #0 - SUBJECT ADDED ENTRY--TOPICAL TERM
Topical term or geographic name as entry element Psychiatry
General subdivision History.
9 (RLIN) 216031
Topical term or geographic name as entry element Mental illness.
9 (RLIN) 216032
830 ## - SERIES ADDED ENTRY--UNIFORM TITLE
Uniform title Studies in existentialism and phenomenology.
942 ## - ADDED ENTRY ELEMENTS (KOHA)
Source of classification or shelving scheme Dewey Decimal Classification
Koha item type Books
Holdings
Lost status Source of classification or shelving scheme Damaged status Not for loan Collection code Permanent Location Current Location Shelving location Date acquired Source of acquisition Cost, normal purchase price Total Checkouts Full call number Date last seen Copy number Koha item type
  Dewey Decimal Classification   Not For Loan Non-fiction Central Library, University of Rajshahi Central Library, University of Rajshahi Reading Room 18/12/1973 Mitali Prakashoni 50.00   616.89 FOM 1967 27/05/2017 C-1 Books